[Event "XVII Festival A"]
[Site "Robecchetto con Induno ITA"]
[Date "2006.12.28"]
[Round "4"]
[White "Laketic, Gojko"]
[Black "Dragojlovic, Andjelko"]
[Result "0-1"]
[WhiteElo "2441"]
[BlackElo "2383"]
[PlyCount "116"]
[EventDate "2006.12.27"]

1. e4 c5 2. Nf3 g6 3. c3 d5 4. exd5 Qxd5 5. d4 Bg7 6. Na3 cxd4 7. Nb5 Na6 8.
Be3 Nh6 9. Bxd4 Bxd4 10. Qxd4 Qxd4 11. Nfxd4 O-O 12. O-O-O Ng4 13. Rd2 e5 14.
Nb3 Be6 15. Nd6 Rab8 16. f3 Bxb3 17. Bxa6 Bxa2 18. Bxb7 Nf6 19. Re1 Ne8 20. Bd5
Bxd5 21. Rxd5 f6 22. Re4 Rd8 23. Ra4 Rxd6 24. Rxd6 Nxd6 25. Rxa7 Rd8 26. Re7
Nf5 27. Rc7 Ne3 28. b4 Nxg2 29. b5 Rb8 30. c4 Ne3 31. Kd2 Nxc4+ 32. Rxc4 Rxb5
33. h4 Rb7 34. Ke3 h5 35. Rc6 Kf7 36. Kf2 Rd7 37. Kg3 Ke7 38. Ra6 Rd6 39. Ra3
Ke6 40. Rb3 Kf5 41. Ra3 Rd4 42. Rb3 g5 43. hxg5 fxg5 44. Kg2 g4 45. fxg4+ hxg4
46. Kf2 e4 47. Rb8 Rd2+ 48. Kg3 Rd3+ 49. Kg2 Kf4 50. Rf8+ Ke3 51. Kg3 Ke2+ 52.
Kxg4 e3 53. Kg3 Ra3 54. Kg2 Ra7 55. Rg8 Rd7 56. Rg6 Ke1 57. Rg8 e2 58. Ra8 Kd2
0-1

[Event "XVII Festival A"]
[Site "Robecchetto con Induno ITA"]
[Date "2006.12.28"]
[Round "4"]
[White "Ranieri, Fabrizio"]
[Black "Di Chiara, Mauro"]
[Result "1-0"]
[WhiteElo "2229"]
[BlackElo "1668"]
[PlyCount "57"]
[EventDate "2006.12.27"]

1. e4 d6 2. d4 Nf6 3. Nc3 c6 4. Bg5 Nbd7 5. Qd2 e5 6. O-O-O Be7 7. f4 h6 8. Bh4
a6 9. Nf3 Qc7 10. fxe5 dxe5 11. dxe5 Nxe5 12. Bg3 Nxf3 13. gxf3 Qa5 14. Bc4 Be6
15. Bxe6 fxe6 16. Qd3 Rd8 17. Qc4 Kf7 18. f4 Qb4 19. Qe2 g6 20. Rdf1 Nh5 21. f5
Bg5+ 22. Kb1 exf5 23. exf5 Rhe8 24. Qf3 Rd7 25. fxg6+ Kg7 26. Qxh5 Bf6 27. Rxf6
Kxf6 28. Qxh6 Rg7 29. Rf1+ 1-0

[Event "XVII Festival A"]
[Site "Robecchetto con Induno ITA"]
[Date "2006.12.28"]
[Round "4"]
[White "Rezzonico, Paolo"]
[Black "Pace, Pietro Dario"]
[Result "0-1"]
[WhiteElo "2049"]
[BlackElo "2233"]
[PlyCount "81"]
[EventDate "2006.12.27"]

1. e4 c5 2. c3 Nf6 3. e5 Nd5 4. g3 d6 5. exd6 e6 6. Bg2 Bxd6 7. Nf3 O-O 8. O-O
Nc6 9. d4 cxd4 10. Nxd4 Nxd4 11. Qxd4 Qc7 12. Nd2 Bd7 13. Nb3 Rfc8 14. Rd1 Be5
15. Qd3 Ba4 16. Be3 Nxe3 17. Qxe3 Bf6 18. Rd2 h6 19. Qe4 Bc6 20. Qc4 Be8 21.
Qxc7 Rxc7 22. Rad1 a5 23. Nd4 Rb8 24. h4 g6 25. Ne2 g5 26. hxg5 hxg5 27. Rd6
Be7 28. R6d3 b5 29. a3 Kg7 30. b4 a4 31. Bf1 e5 32. f4 e4 33. Re3 f5 34. fxg5
Bxg5 35. Nf4 Bf7 36. Kg2 Bf6 37. Rc1 Be5 38. Ne2 Kf6 39. Nf4 Rcc8 40. Rc2 Rg8
41. Ne2 0-1

[Event "XVII Festival A"]
[Site "Robecchetto con Induno ITA"]
[Date "2006.12.28"]
[Round "4"]
[White "Sbarra, Marco"]
[Black "Morandi, Daniele"]
[Result "0-1"]
[WhiteElo "2280"]
[BlackElo "1874"]
[PlyCount "124"]
[EventDate "2006.12.27"]

1. c4 Nf6 2. Nc3 g6 3. e4 d6 4. d4 Bg7 5. Nf3 O-O 6. Be2 e5 7. d5 Nbd7 8. Bg5
h6 9. Bh4 g5 10. Bg3 Nh5 11. Qc2 Nf4 12. O-O-O a5 13. h4 g4 14. Nh2 h5 15. f3
Nf6 16. fxg4 Nxe2+ 17. Qxe2 Nxg4 18. Nf3 f5 19. Be1 Bh6+ 20. Kb1 fxe4 21. Nxe4
Bf5 22. Bd2 Bxd2 23. Rxd2 Qf6 24. Nfg5 Qg6 25. Re1 Nf6 26. Kc1 Nxe4 27. Nxe4
Bxe4 28. Qxe4 Qxe4 29. Rxe4 Rf1+ 30. Kc2 Raf8 31. g4 R8f4 32. Rxf4 Rxf4 33.
gxh5 Rxh4 34. Rg2+ Kf7 35. Rf2+ Kg7 36. Kb3 Rxh5 37. Ka4 b6 38. Kb5 Rh7 39. a3
Kg6 40. b4 axb4 41. axb4 Kg5 42. c5 bxc5 43. bxc5 e4 44. Rf8 dxc5 45. Re8 Kf4
46. Kxc5 Ke3 47. Kc4 Rh1 48. Kc3 Rc1+ 49. Kb2 Rc5 50. Re7 Kd4 51. Rd7 Rxd5 52.
Rxc7 Ke3 53. Rf7 Ke2 54. Kc3 e3 55. Re7 Rd8 56. Rh7 Rc8+ 57. Kb2 Kd2 58. Rd7+
Ke1 59. Rf7 e2 60. Rh7 Rc4 61. Rf7 Kd2 62. Kb3 Rd4 0-1

[Event "XVII Festival A"]
[Site "Robecchetto con Induno ITA"]
[Date "2006.12.28"]
[Round "4"]
[White "Schingaro, Angelo"]
[Black "Colombo, Sandro"]
[Result "1/2-1/2"]
[WhiteElo "1704"]
[BlackElo "1854"]
[PlyCount "56"]
[EventDate "2006.12.27"]

1. e4 c5 2. Nf3 Nc6 3. d4 cxd4 4. Nxd4 Nf6 5. Nc3 e5 6. Ndb5 d6 7. Bg5 a6 8.
Na3 b5 9. Nd5 Be7 10. Bxf6 Bxf6 11. c3 O-O 12. Be2 Bg5 13. Nc2 f5 14. Bf3 Ra7
15. Qd3 Raf7 16. O-O Ne7 17. Nxe7+ Bxe7 18. Ne3 fxe4 19. Bxe4 Be6 20. Bxh7+ Kh8
21. Be4 Bh4 22. Qe2 Qg5 23. Bd5 Bxd5 24. Nxd5 Rxf2 25. Qe4 Rxf1+ 26. Rxf1 Rxf1+
27. Kxf1 Qc1+ 28. Ke2 Qe1+ 1/2-1/2

[Event "XVII Festival A"]
[Site "Robecchetto con Induno ITA"]
[Date "2006.12.28"]
[Round "4"]
[White "Zuccaro, Guido"]
[Black "Marinone, Lucio"]
[Result "0-1"]
[WhiteElo "1873"]
[BlackElo "1980"]
[PlyCount "56"]
[EventDate "2006.12.27"]

1. c4 e5 2. Nc3 d6 3. g3 f5 4. d3 Nf6 5. Bg2 Be7 6. e3 c6 7. Nge2 O-O 8. O-O
Be6 9. b3 d5 10. Bb2 Na6 11. cxd5 cxd5 12. Rc1 Qd7 13. e4 fxe4 14. dxe4 d4 15.
Nb1 Bc5 16. Kh1 Ng4 17. f4 Ne3 18. Qe1 Nxg2 19. Kxg2 Bh3+ 20. Kh1 Bxf1 21. Qxf1
d3 22. Ng1 exf4 23. gxf4 Bxg1 24. Qxg1 Rxf4 25. Qg2 Rg4 26. Qd2 Rxe4 27. Rd1
Re2 28. Qc3 Qd5+ 0-1

[Event "XVII Festival A"]
[Site "Robecchetto con Induno ITA"]
[Date "2006.12.29"]
[Round "5"]
[White "Barlocco, Carlo"]
[Black "Ranieri, Fabrizio"]
[Result "0-1"]
[WhiteElo "2198"]
[BlackElo "2229"]
[PlyCount "60"]
[EventDate "2006.12.27"]

1. d4 d5 2. Nf3 Nf6 3. Bf4 e6 4. e3 Be7 5. h3 O-O 6. Bd3 c5 7. c3 Qb6 8. Qb3 c4
9. Qxb6 axb6 10. Bc2 b5 11. Nbd2 Nc6 12. O-O b4 13. Ne5 Nxe5 14. dxe5 Nd7 15.
e4 bxc3 16. bxc3 Nc5 17. exd5 exd5 18. Nf3 Ra3 19. Nd4 Ne6 20. Nxe6 fxe6 21.
Bc1 Rxc3 22. Bb1 Rxc1 23. Rxc1 Bc5 24. Bc2 Rxf2 25. Kh1 b5 26. Rab1 Bd7 27. a4
b4 28. a5 Bc6 29. Bd3 Ra2 30. Bxc4 dxc4 0-1

[Event "XVII Festival A"]
[Site "Robecchetto con Induno ITA"]
[Date "2006.12.29"]
[Round "5"]
[White "Brioschi, Camillo"]
[Black "Schingaro, Angelo"]
[Result "0-1"]
[WhiteElo "1862"]
[BlackElo "1704"]
[PlyCount "80"]
[EventDate "2006.12.27"]

1. c4 Nf6 2. Nc3 g6 3. Nf3 Bg7 4. g3 O-O 5. Bg2 d6 6. O-O Nbd7 7. d3 e5 8. Rb1
Re8 9. Qc2 Nf8 10. b4 Ne6 11. e3 h5 12. Nd5 c6 13. Nxf6+ Bxf6 14. Nd2 Ng5 15.
h4 Ne6 16. Nf3 Kg7 17. e4 Nd4 18. Nxd4 exd4 19. f4 Bg4 20. Qf2 Qe7 21. Bd2 b6
22. e5 dxe5 23. Bxc6 e4 24. dxe4 Qc7 25. Bxa8 Rxa8 26. e5 Be7 27. Qxd4 Be6 28.
Qe3 Qxc4 29. f5 Bxf5 30. Rxf5 gxf5 31. Qh6+ Kg8 32. Qxh5 Qd4+ 33. Kh1 Qe4+ 34.
Kh2 Qxb1 35. e6 Rf8 36. exf7+ Rxf7 37. Qg6+ Rg7 38. Qe8+ Bf8 39. Qe6+ Rf7 40.
Qg6+ Bg7 0-1

[Event "XVII Festival A"]
[Site "Robecchetto con Induno ITA"]
[Date "2006.12.29"]
[Round "5"]
[White "Caldi, Mario"]
[Black "Zuccaro, Guido"]
[Result "1/2-1/2"]
[WhiteElo "1999"]
[BlackElo "1873"]
[PlyCount "99"]
[EventDate "2006.12.27"]

1. e4 e6 2. d4 d5 3. e5 c5 4. c3 Qb6 5. Nf3 Bd7 6. Be2 Bb5 7. O-O Bxe2 8. Qxe2
Nc6 9. Rd1 cxd4 10. cxd4 Nge7 11. Nc3 Nf5 12. Be3 a6 13. Rac1 Be7 14. a3 O-O
15. b4 Rfc8 16. Qd2 Qd8 17. Na4 b5 18. Nc5 a5 19. Rc2 axb4 20. axb4 Qb6 21.
Rdc1 Ra7 22. h3 Rac7 23. Ra2 Ra7 24. Rca1 Rca8 25. g4 Nxe3 26. fxe3 Rxa2 27.
Rxa2 Rxa2 28. Qxa2 Nxb4 29. Qa8+ Qd8 30. Qb7 Qe8 31. Nd7 Nc2 32. Qxb5 Qc8 33.
Kf2 Ba3 34. Nc5 Bc1 35. Ke2 Nxe3 36. Qb1 Ba3 37. Kxe3 Bxc5 38. Qc2 Bxd4+ 39.
Nxd4 Qxc2 40. Nxc2 f6 41. exf6 gxf6 42. Kf4 Kf7 43. h4 Kg6 44. Kg3 h5 45. Nd4
e5 46. Nf5 hxg4 47. Ne7+ Kh5 48. Nxd5 f5 49. Nf6+ Kg6 50. Nxg4 1/2-1/2

[Event "XVII Festival A"]
[Site "Robecchetto con Induno ITA"]
[Date "2006.12.29"]
[Round "5"]
[White "Cantu', Guido"]
[Black "Angelini, Marco"]
[Result "1-0"]
[WhiteElo "1819"]
[BlackElo "1907"]
[PlyCount "109"]
[EventDate "2006.12.27"]

1. e4 c5 2. Nf3 d6 3. d4 cxd4 4. Nxd4 Nf6 5. Nc3 a6 6. Be3 Nbd7 7. f3 b5 8. Qd2
e6 9. O-O-O Bb7 10. g4 Nb6 11. g5 Nfd7 12. h4 b4 13. Nb1 d5 14. Bd3 Nc5 15. h5
dxe4 16. fxe4 Nxe4 17. Bxe4 Bxe4 18. Rh4 Bd5 19. Nc6 Bxc6 20. Qxd8+ Rxd8 21.
Rxd8+ Kxd8 22. Bxb6+ Kc8 23. Ba5 Be7 24. Rg4 Bf3 25. Rc4+ Kb7 26. Rc7+ Kb8 27.
Rxe7 Bxh5 28. Bxb4 Bg6 29. Bd6+ Ka8 30. Be5 Rc8 31. Nc3 Rc5 32. Re8+ Kb7 33.
Rb8+ Ka7 34. Bd4 Kxb8 35. Bxc5 f6 36. gxf6 gxf6 37. Ne2 f5 38. Nf4 Bf7 39. Bd6+
Kb7 40. Be5 Kc6 41. Kd2 Kc5 42. Kd3 a5 43. a3 Kb5 44. b3 Kc5 45. c4 Kc6 46. Kd4
Kb6 47. b4 axb4 48. axb4 Kc6 49. b5+ Kb6 50. Kc3 h5 51. Kb4 Kb7 52. c5 h4 53.
Ka5 Be8 54. Nxe6 h3 55. Ng5 1-0

[Event "XVII Festival A"]
[Site "Robecchetto con Induno ITA"]
[Date "2006.12.29"]
[Round "5"]
[White "Caselli, Luigi"]
[Black "Agrifoglio, Fabio"]
[Result "1-0"]
[WhiteElo "2266"]
[BlackElo "2024"]
[PlyCount "87"]
[EventDate "2006.12.27"]

1. d4 e6 2. Nf3 Be7 3. e4 c5 4. c3 Nf6 5. Bd3 d5 6. e5 Nfd7 7. O-O Nc6 8. Be3
a5 9. Na3 c4 10. Bc2 Na7 11. Nd2 b5 12. f4 f5 13. exf6 Nxf6 14. Nf3 O-O 15. Ne5
b4 16. Nb1 Qb6 17. Bc1 Nb5 18. Kh1 Nd6 19. Nd2 Ra7 20. Qf3 a4 21. a3 b3 22. Bb1
Bd7 23. Qh3 Nde4 24. Nxe4 Nxe4 25. Bxe4 dxe4 26. Nxd7 Rxd7 27. Qe3 Qc6 28. Bd2
e5 29. fxe5 Bxa3 30. bxa3 Rdf7 31. Rxf7 Rxf7 32. Kg1 Qb7 33. Rb1 h6 34. Bc1 Rf8
35. Bb2 Qf7 36. Re1 Qf5 37. Qe2 e3 38. Qxe3 g5 39. e6 Qc2 40. e7 Re8 41. Qe6+
Kg7 42. Rf1 Qg6 43. Qxg6+ Kxg6 44. Re1 1-0

[Event "XVII Festival A"]
[Site "Robecchetto con Induno ITA"]
[Date "2006.12.29"]
[Round "5"]
[White "Colombo, Sandro"]
[Black "Brighenti, Alessandro"]
[Result "1/2-1/2"]
[WhiteElo "1854"]
[BlackElo "1588"]
[PlyCount "60"]
[EventDate "2006.12.27"]

1. c4 e5 2. Nc3 Nc6 3. Nf3 f5 4. e4 fxe4 5. Nxe4 Nf6 6. Nc3 Bc5 7. d4 exd4 8.
Nb5 O-O 9. Nbxd4 Nxd4 10. Nxd4 d5 11. Bg5 Bg4 12. f3 Bh5 13. Be2 Qe7 14. cxd5
Qe5 15. Ne6 Bb4+ 16. Bd2 Bxd2+ 17. Qxd2 Rfe8 18. O-O-O Bf7 19. f4 Qxd5 20. Qxd5
Nxd5 21. Rxd5 Bxe6 22. Rc5 Bxa2 23. Bf3 c6 24. Rd1 Rad8 25. Rxd8 Rxd8 26. Ra5
Bd5 27. Bxd5+ cxd5 28. Rxa7 Rd7 29. Kd2 Kf7 30. Kd3 Ke6 1/2-1/2

[Event "XVII Festival A"]
[Site "Robecchetto con Induno ITA"]
[Date "2006.12.29"]
[Round "5"]
[White "Corti, Corrado"]
[Black "Marinone, Lucio"]
[Result "1/2-1/2"]
[WhiteElo "2048"]
[BlackElo "1980"]
[PlyCount "62"]
[EventDate "2006.12.27"]

1. d4 Nf6 2. g3 g6 3. Bg2 Bg7 4. e4 d6 5. Ne2 O-O 6. O-O Nbd7 7. c4 c6 8. Nbc3
Qc7 9. b3 a6 10. Bb2 Rd8 11. f4 e5 12. Kh1 exd4 13. Nxd4 Nc5 14. Qd2 Re8 15.
Rae1 Bd7 16. Re2 Rad8 17. Rfe1 Bg4 18. Nf3 Bc8 19. Qc2 Nh5 20. b4 Ne6 21. Nd1
Nf6 22. Nf2 Nf8 23. e5 dxe5 24. Nxe5 Bf5 25. Qb3 h5 26. Bh3 Qc8 27. Bxf5 Qxf5
28. c5 Nd5 29. Bc1 Nd7 30. Nxd7 Rxe2 31. Rxe2 Qxd7 1/2-1/2

[Event "XVII Festival A"]
[Site "Robecchetto con Induno ITA"]
[Date "2006.12.29"]
[Round "5"]
[White "Damia, Angelo"]
[Black "Cardani, Roberto"]
[Result "1-0"]
[WhiteElo "2099"]
[BlackElo "1903"]
[PlyCount "67"]
[EventDate "2006.12.27"]

1. e4 c5 2. a3 Nc6 3. b4 cxb4 4. axb4 Nxb4 5. d4 d5 6. c3 Nc6 7. exd5 Qxd5 8.
Na3 e6 9. Nb5 Bd6 10. Qg4 Nge7 11. Ba3 Bb8 12. Qxg7 Qe4+ 13. Be2 Ng6 14. Kf1
Nce7 15. Re1 Qc6 16. Nf3 Rg8 17. Qxh7 a6 18. d5 Qxd5 19. c4 Qc6 20. Nfd4 Qd7
21. c5 Be5 22. Nd6+ Bxd6 23. cxd6 Rh8 24. Qg7 Rg8 25. Qf6 Nd5 26. Qf3 Ngf4 27.
g3 Nxe2 28. Rxe2 Nb6 29. Qb3 Na4 30. Rc2 b5 31. Rc7 Qd8 32. Re7+ Kf8 33. d7 Kg7
34. Nxe6+ 1-0

[Event "XVII Festival A"]
[Site "Robecchetto con Induno ITA"]
[Date "2006.12.29"]
[Round "5"]
[White "Dragojlovic, Andjelko"]
[Black "Aranovitch, Emiliano"]
[Result "1/2-1/2"]
[WhiteElo "2383"]
[BlackElo "2278"]
[PlyCount "53"]
[EventDate "2006.12.27"]

1. e4 c5 2. Nf3 d6 3. d4 cxd4 4. Qxd4 Nc6 5. Bb5 Bd7 6. Bxc6 Bxc6 7. Nc3 Nf6 8.
Bg5 e6 9. O-O-O Be7 10. Rhe1 O-O 11. Kb1 Qa5 12. Qd2 Qb6 13. Nd4 Rfc8 14. f4 h6
15. Bxf6 Bxf6 16. g4 Qc5 17. e5 dxe5 18. Nxc6 Qxc6 19. fxe5 Bh4 20. Rf1 Rd8 21.
Qf4 Rxd1+ 22. Rxd1 Rd8 23. Rxd8+ Bxd8 24. a4 Bc7 25. Qd4 Qb6 26. Qe4 Qc6 27.
Qd4 1/2-1/2

[Event "XVII Festival A"]
[Site "Robecchetto con Induno ITA"]
[Date "2006.12.29"]
[Round "5"]
[White "Gagliardi, Christian"]
[Black "La Torre, Giovanni"]
[Result "1-0"]
[WhiteElo "2119"]
[BlackElo "2082"]
[PlyCount "103"]
[EventDate "2006.12.27"]

1. Nf3 Nf6 2. g3 g6 3. Bg2 Bg7 4. O-O O-O 5. c4 d6 6. d4 Nc6 7. Nc3 e5 8. h3
exd4 9. Nxd4 Nxd4 10. Qxd4 Ng4 11. Qd2 Ne5 12. b3 a5 13. Bb2 a4 14. Nd5 axb3
15. axb3 Rxa1 16. Rxa1 c6 17. Nc3 Qb6 18. Qc2 Bf5 19. e4 Bc8 20. Na4 Qc7 21.
Rd1 f6 22. Qd2 Nf7 23. Bc3 b5 24. cxb5 cxb5 25. Ba5 Qb8 26. Nb6 Be6 27. Qb4 Qe8
28. Nd5 Kh8 29. Nc7 Qd7 30. Nxe6 Qxe6 31. Qxb5 Rc8 32. Qd5 Qxd5 33. exd5 f5 34.
Bf1 Rc2 35. Rd2 Rc1 36. Kg2 Rb1 37. Bc4 Bf6 38. f4 Kg7 39. Rc2 Nd8 40. b4 Nb7
41. Ba2 Rb2 42. Rxb2 Bxb2 43. Bc7 Ba3 44. b5 Kf6 45. Bc4 Ke7 46. b6 Nc5 47. Bb5
Bb4 48. Bb8 Nd7 49. Bxd7 Kxd7 50. b7 Bc5 51. Kf3 Ke7 52. Bc7 1-0

[Event "XVII Festival A"]
[Site "Robecchetto con Induno ITA"]
[Date "2006.12.29"]
[Round "5"]
[White "Mazzon, Roberto"]
[Black "Volpi, Davide"]
[Result "0-1"]
[WhiteElo "1843"]
[BlackElo "2053"]
[PlyCount "126"]
[EventDate "2006.12.27"]

1. e4 c5 2. Nf3 Nc6 3. d3 g6 4. g3 Bg7 5. Bg2 d6 6. O-O Nf6 7. c3 O-O 8. Na3 a6
9. Qe2 e5 10. Nc2 Re8 11. Be3 Ng4 12. Rad1 Nxe3 13. Nxe3 Be6 14. c4 b5 15. b3
bxc4 16. dxc4 Nd4 17. Nxd4 exd4 18. Nc2 Qd7 19. Qd2 Bh3 20. f3 Bxg2 21. Kxg2
Re5 22. Ne1 Rh5 23. Nd3 Bh6 24. Qc2 Qh3+ 25. Kh1 Qxg3 26. Qg2 Qxg2+ 27. Kxg2 f6
28. Kg3 Kf7 29. h4 g5 30. Rh1 gxh4+ 31. Rxh4 Rg8+ 32. Rg4 Rhg5 33. Rh1 Rxg4+
34. fxg4 Kg6 35. Rh5 Re8 36. Kf3 Bg5 37. Rh1 a5 38. a4 Rh8 39. Rh2 h5 40. gxh5+
Rxh5 41. Rxh5 Kxh5 42. Kg3 Be3 43. Nb2 Kg5 44. Nd3 Bd2 45. Nb2 Bf4+ 46. Kf3 Be5
47. Nd3 Kh4 48. Nf2 Bg3 49. Nd3 Kh3 50. Nb2 Kh2 51. Nd3 Bh4 52. Nb2 Kg1 53. Ke2
Kg2 54. Nd1 Bg5 55. Nf2 Kg3 56. Nd3 Be3 57. Nb2 Kf4 58. Kd3 Kf3 59. Nd1 Bc1 60.
Kc2 Ba3 61. Kd3 Bb4 62. Nb2 Bc3 63. Nd1 Ba1 0-1

[Event "XVII Festival A"]
[Site "Robecchetto con Induno ITA"]
[Date "2006.12.29"]
[Round "5"]
[White "Morandi, Daniele"]
[Black "Laketic, Gojko"]
[Result "0-1"]
[WhiteElo "1874"]
[BlackElo "2441"]
[PlyCount "92"]
[EventDate "2006.12.27"]

1. e4 c5 2. Nf3 a6 3. Nc3 e6 4. d4 cxd4 5. Nxd4 Qc7 6. Be2 Bb4 7. Qd3 Nf6 8.
O-O Bxc3 9. bxc3 d6 10. f4 Nbd7 11. Qg3 O-O 12. e5 dxe5 13. fxe5 Ne4 14. Qh3
Qxc3 15. Be3 Nxe5 16. Rad1 Ng6 17. Bd3 e5 18. Nf5 Bxf5 19. Qxf5 Nc5 20. Bxc5
Qxc5+ 21. Kh1 Rad8 22. h4 Rd4 23. g3 Qc6+ 24. Kh2 e4 25. Be2 Rxd1 26. Bxd1 Qc4
27. c3 Qxa2+ 28. Rf2 Ne7 29. Qc5 Qe6 30. Be2 b5 31. Bd1 h6 32. Qa3 Nf5 33. Bg4
Qd6 34. Qxd6 Nxd6 35. Rd2 Nc4 36. Rd4 f5 37. Be2 Ne3 38. g4 Nxg4+ 39. Bxg4 fxg4
40. Rxe4 Rf2+ 41. Kg3 Rf3+ 42. Kxg4 Rxc3 43. Re6 a5 44. Ra6 a4 45. Kf5 Kh7 46.
h5 Rg3 0-1

[Event "XVII Festival A"]
[Site "Robecchetto con Induno ITA"]
[Date "2006.12.29"]
[Round "5"]
[White "Pace, Pietro Dario"]
[Black "Brugo, Marco"]
[Result "0-1"]
[WhiteElo "2233"]
[BlackElo "2091"]
[PlyCount "70"]
[EventDate "2006.12.27"]

1. b3 Nf6 2. Bb2 e6 3. e3 d5 4. f4 c5 5. Nf3 Nc6 6. d3 Qc7 7. g3 Bd6 8. Nc3 e5
9. Qd2 a6 10. O-O-O Be6 11. Kb1 O-O-O 12. Nh4 d4 13. fxe5 Bxe5 14. Ne2 Ng4 15.
exd4 cxd4 16. Re1 Ne3 17. Nf3 Bf6 18. Nf4 Bg4 19. Qf2 Nxc2 20. Rc1 Bxf3 21.
Qxf3 Ne3 22. Bh3+ Kb8 23. Nh5 Be5 24. Nf4 Qa5 25. Qe2 Nb4 26. a3 Nbd5 27. b4
Qb6 28. Nxd5 Rxd5 29. Rhe1 f6 30. Qf3 Rhd8 31. Qe4 a5 32. bxa5 Rxa5 33. Ka2 Bd6
34. Re2 Bxa3 35. Bxa3 Qb4 0-1

[Event "XVII Festival A"]
[Site "Robecchetto con Induno ITA"]
[Date "2006.12.29"]
[Round "5"]
[White "Pepa, Syrja"]
[Black "Sbarra, Marco"]
[Result "0-1"]
[WhiteElo "1814"]
[BlackElo "2280"]
[PlyCount "58"]
[EventDate "2006.12.27"]

1. d4 Nf6 2. c4 e6 3. Nc3 Bb4 4. Qc2 O-O 5. Nf3 b6 6. a3 Bxc3+ 7. Qxc3 c5 8.
Bg5 h6 9. Bh4 d6 10. e3 Nbd7 11. Be2 Qc7 12. Bxf6 Nxf6 13. O-O Ba6 14. b4 Rac8
15. Rac1 cxb4 16. Qxb4 d5 17. Nd2 dxc4 18. Qa4 Qb7 19. Bf3 Nd5 20. Ne4 b5 21.
Qa5 Qb6 22. Qd2 b4 23. Nc5 c3 24. Qd1 Bxf1 25. Kxf1 bxa3 26. Bxd5 exd5 27. Rxc3
a2 28. Rb3 Qa5 29. Qa1 Rb8 0-1

[Event "XVII Festival A"]
[Site "Robecchetto con Induno ITA"]
[Date "2006.12.29"]
[Round "5"]
[White "Primerano, Carlo"]
[Black "Cervini, Gian Piero"]
[Result "1/2-1/2"]
[WhiteElo "1758"]
[BlackElo "1808"]
[PlyCount "110"]
[EventDate "2006.12.27"]

1. d4 Nf6 2. c4 g6 3. Nc3 Bg7 4. e4 d6 5. f3 c6 6. Be3 O-O 7. Bd3 Nbd7 8. Nge2
e5 9. d5 cxd5 10. cxd5 Ne8 11. Qd2 Nc5 12. Bc2 f5 13. exf5 gxf5 14. O-O-O b5
15. Bh6 b4 16. Na4 b3 17. axb3 Nxa4 18. bxa4 Rb8 19. Bxg7 Qb6 20. b3 Nxg7 21.
Nc3 Ba6 22. Nb5 Rfc8 23. Kb2 Bxb5 24. axb5 Qxb5 25. g4 f4 26. Qd3 Qxd3 27. Rxd3
Rc5 28. Rd2 a5 29. Ra1 Rbb5 30. Be4 Ne8 31. Rc2 Nf6 32. Rxc5 Rxc5 33. Rd1 Kg7
34. Rd2 Kh6 35. h4 Kg7 36. Rd3 h6 37. Rd2 Nd7 38. Rc2 Rxc2+ 39. Bxc2 Nf6 40.
Ka3 Nxd5 41. Ka4 Nf6 42. Kxa5 d5 43. b4 e4 44. g5 hxg5 45. hxg5 Nh7 46. fxe4
dxe4 47. Bxe4 Nxg5 48. Bd3 Nf7 49. b5 Nd6 50. b6 Kf6 51. Kb4 Ke5 52. Kc5 f3 53.
Kc6 f2 54. Kc5 Nb7+ 55. Kc6 Nd6 1/2-1/2

[Event "XVII Festival A"]
[Site "Robecchetto con Induno ITA"]
[Date "2006.12.29"]
[Round "5"]
[White "Romano, Zeno"]
[Black "Crepaldi, Marco"]
[Result "1/2-1/2"]
[WhiteElo "1850"]
[BlackElo "1898"]
[PlyCount "107"]
[EventDate "2006.12.27"]

1. e4 c5 2. Nf3 d6 3. d4 cxd4 4. Nxd4 Nf6 5. Nc3 a6 6. Be2 e5 7. Nb3 Be6 8. Be3
Be7 9. O-O Nbd7 10. f4 Qc7 11. f5 Bc4 12. Qe1 Bxe2 13. Qxe2 b5 14. Rfd1 Nb6 15.
Bxb6 Qxb6+ 16. Kh1 Rc8 17. Nd5 Nxd5 18. Rxd5 O-O 19. c3 Rc4 20. Rad1 Rfc8 21.
Nd2 R4c5 22. Nf3 Rxd5 23. Rxd5 Rc5 24. Qe3 Qc6 25. Rxc5 dxc5 26. Nxe5 Qd6 27.
Nd3 c4 28. Nf2 Bf6 29. a3 h6 30. g3 Be5 31. Kg2 h5 32. Qe2 h4 33. Ng4 hxg3 34.
hxg3 f6 35. Nxe5 Qxe5 36. Qe3 Qd6 37. Kf2 Qd1 38. Qe2 Qd6 39. g4 Qf4+ 40. Kg2
Qd6 41. Kf3 Kf7 42. a4 g6 43. axb5 axb5 44. fxg6+ Kxg6 45. Qc2 Kg5 46. Qc1+ Kg6
47. Qe3 Qd1+ 48. Qe2 Qd6 49. e5 fxe5 50. Qe4+ Kf7 51. Qb7+ Kf6 52. Qxb5 Qd3+
53. Kg2 Qe2+ 54. Kh1 1/2-1/2

[Event "XVII Festival A"]
[Site "Robecchetto con Induno ITA"]
[Date "2006.12.29"]
[Round "6"]
[White "Agrifoglio, Fabio"]
[Black "Corti, Corrado"]
[Result "1/2-1/2"]
[WhiteElo "2024"]
[BlackElo "2048"]
[PlyCount "250"]
[EventDate "2006.12.27"]

1. d4 d5 2. c4 e6 3. Nc3 c6 4. cxd5 exd5 5. Qc2 Nf6 6. Bg5 Be7 7. e3 Nbd7 8.
Bd3 h6 9. Bh4 O-O 10. f3 Re8 11. Nge2 Nf8 12. O-O c5 13. b3 Bd7 14. Bxf6 Bxf6
15. Nxd5 Rc8 16. Nxf6+ Qxf6 17. dxc5 Qe5 18. Rac1 Qxe3+ 19. Kh1 Ne6 20. b4 b6
21. Qb3 Nf4 22. Nxf4 Qxf4 23. Ba6 Rc7 24. Rc4 Qf6 25. cxb6 Rxc4 26. Bxc4 axb6
27. Qd3 Bc6 28. Rd1 Qh4 29. g3 Bxf3+ 30. Qxf3 Qxc4 31. a3 b5 32. Rf1 Rd8 33.
Qf4 Qd5+ 34. Kg1 f6 35. Qf5 Qd4+ 36. Kg2 Qc4 37. Rf2 Qc6+ 38. Qf3 Qc4 39. Qf5
Qc6+ 40. Qf3 Qc4 41. Re2 Kh8 42. Qe4 Qc7 43. Rc2 Qa7 44. Qf3 Qd4 45. Qc6 Qe3
46. Qc3 Qe4+ 47. Kh3 Rd5 48. Qc8+ Kh7 49. Rc5 Rg5 50. Rxg5 fxg5 51. Qg4 Qd3 52.
Kg2 Qd2+ 53. Kf1 Qc1+ 54. Kf2 Qxa3 55. Qf5+ g6 56. Qd7+ Kg8 57. Qxb5 Qb2+ 58.
Kf3 Qc3+ 59. Ke4 Qc2+ 60. Kd5 Qf5+ 61. Kc6 Qf6+ 62. Kc5 Qe5+ 63. Kc6 Qe8+ 64.
Kb6 Qb8+ 65. Ka5 Qa8+ 66. Qa6 Qd8+ 67. Qb6 Qa8+ 68. Kb5 Qe8+ 69. Qc6 Qb8+ 70.
Kc4 Kg7 71. b5 h5 72. b6 Kh6 73. b7 Qg8+ 74. Qd5 Qe8 75. Kc5 Qe3+ 76. Kc6 Qe8+
77. Kb6 Qe3+ 78. Kc7 Qe7+ 79. Qd7 Qc5+ 80. Qc6 Qe7+ 81. Kb6 Qb4+ 82. Ka7 Qa5+
83. Qa6 Qc5+ 84. Ka8 Qd5 85. h4 gxh4 86. gxh4 Qe4 87. Qa1 Kh7 88. Qa2 Qc6 89.
Qf7+ Kh6 90. Qf8+ Kh7 91. Qf4 Qd5 92. Qc7+ Kh6 93. Qe7 Qc6 94. Kb8 Qa4 95. Qf8+
Kh7 96. Qc8 Qb4 97. Qc7+ Kh6 98. Kc8 Qf8+ 99. Qd8 Qc5+ 100. Kb8 Qe5+ 101. Ka7
Qc5+ 102. Qb6 Qa3+ 103. Qa6 Qc5+ 104. Ka8 Qd5 105. Qa3 Qe4 106. Qf8+ Kh7 107.
Qd8 Qa4+ 108. Kb8 Qa3 109. Kc8 Qa6 110. Qe7+ Kg8 111. Qe4 Kf8 112. Qf4+ Kg8
113. Qc7 Qe6+ 114. Qd7 Qa6 115. Kd8 Qf6+ 116. Kc7 Qe5+ 117. Kc6 Qc3+ 118. Kb6
Qb4+ 119. Kc7 Qf4+ 120. Qd6 Qf7+ 121. Kc6 Qc4+ 122. Qc5 Qe6+ 123. Kb5 Qb3+ 124.
Qb4 Qd5+ 125. Ka4 Qa2+ 1/2-1/2

[Event "XVII Festival A"]
[Site "Robecchetto con Induno ITA"]
[Date "2006.12.29"]
[Round "6"]
[White "Angelini, Marco"]
[Black "Caldi, Mario"]
[Result "1-0"]
[WhiteElo "1907"]
[BlackElo "1999"]
[PlyCount "89"]
[EventDate "2006.12.27"]

1. e4 e6 2. Qe2 c5 3. g3 Nc6 4. c3 Nf6 5. Bg2 Be7 6. f4 O-O 7. d3 e5 8. Nf3 d6
9. O-O Re8 10. Na3 Rb8 11. Nc2 Bg4 12. h3 Bd7 13. f5 Qb6 14. Kh1 Bf8 15. Nh2 d5
16. exd5 Ne7 17. Ne3 Qa6 18. c4 b5 19. g4 h6 20. h4 bxc4 21. dxc4 Nh7 22. Be4
Qf6 23. Nf3 Nc8 24. Rg1 Nd6 25. Qc2 Qd8 26. g5 h5 27. b3 Kh8 28. Bb2 Nxe4 29.
Qxe4 Bd6 30. g6 Nf6 31. Qc2 fxg6 32. Rxg6 Rg8 33. Nxe5 Be8 34. Qe2 Qe7 35. Nc6
Qe4+ 36. Rg2 Qxh4+ 37. Kg1 Bxc6 38. dxc6 Rbe8 39. Qd3 Bf4 40. Bxf6 Bxe3+ 41.
Qxe3 Rxe3 42. Bxh4 Re4 43. Bg5 Rge8 44. c7 Rc8 45. Bd8 1-0